Що читати учням влiтку (Запись № 13087517)

Подробности
000 -МАРКЕР
контрольное поле 01238nam0a2200289 4500
001 - ИДЕНТИФИКАТОР ЗАПИСИ
контрольное поле RU\NLR\BIBL_A\012769269
005 - ИДЕНТИФИКАТОР ВЕРСИИ
контрольное поле 20250624151136.0
035 ## - ДРУГИЕ СИСТЕМНЫЕ НОМЕРА
Идентификатор записи (NLR Aleph) 012769269
100 ## - ДАННЫЕ ОБЩЕЙ ОБРАБОТКИ
Данные общей обработки 20220421d1936 |||y0rusy50 ca
101 0# - ЯЗЫК РЕСУРСА
Язык текста, звукозаписи и т.д. украинский
102 ## - СТРАНА ПУБЛИКАЦИИ ИЛИ ПРОИЗВОДСТВА
Страна публикации Российская Федерация
105 ## - ПОЛЕ КОДИРОВАННЫХ ДАННЫХ: ТЕКСТОВЫЕ МАТЕРИАЛЫ, МОНОГРАФИЧЕСКИЕ
Кодированные данные о монографическом текстовом документе y|||a|||000zy
181 #0 - ПОЛЕ КОДИРОВАННЫХ ДАННЫХ: ВИД СОДЕРЖАНИЯ
Код вида содержания (ISBD) i
Код характеристики содержания (ISBD) axxe
182 #0 - ПОЛЕ КОДИРОВАННЫХ ДАННЫХ: ТИП СРЕДСТВА
Код типа средства (ISBD) n - непосредственное
200 1# - ЗАГЛАВИЕ И СВЕДЕНИЯ ОБ ОТВЕТСТВЕННОСТИ
Основное заглавие Що читати учням влiтку
Первые сведения об ответственности Народний комiсарiат освiтi УСРР, Бiблiотека Харкiвського палацу пiонерiв i жовтенят iмени П.П. Постишева
Последующие сведения об ответственности [склали Р. Гуревiч, Г. Гольдберг]
203 ## - ВИД СОДЕРЖАНИЯ И ТИП СРЕДСТВА
Вид содержания Текст
Дополнительные сведения об издании визуальный
Тип средства непосредственный
210 ## - ПУБЛИКАЦИЯ, РАСПРОСТРАНЕНИЕ И ДР.
Место издания, распространения и т.д. Харкiв
Имя издателя, распространителя и т. д. Дитвидав ЦК ЛКСМУ
Дата издания, распространения и т.д. 1936
215 ## - ФИЗИЧЕСКАЯ ХАРАКТЕРИСТИКА
Специфическое обозначение материала и объем 22, [1] с.
Размеры 22
702 #1 - ИМЯ ЛИЦА - ВТОРИЧНАЯ ОТВЕТСТВЕННОСТЬ
Начальный элемент ввода Гуревiч
Часть имени, кроме начального элемента ввода Р. Б.
Код отношения Составитель
712 02 - НАИМЕНОВАНИЕ ОРГАНИЗАЦИИ - ВТОРИЧНАЯ ОТВЕТСТВЕННОСТЬ
Код отношения Составитель
Графика поля Кириллица
Материалы, к которым относится поле ukr
Начальный элемент ввода Харкiвський обласний палац пiонерiв i жовтенят iм. П. П. Постишева
Структурное подразделение Бiблiотека
Системный номер авторитетной/нормативной записи 788027
Идентификатор авторитетной/нормативной записи RU\NLR\AUTH\880560399
852 ## - МЕСТОНАХОЖДЕНИЕ И ШИФР ХРАНЕНИЯ
Идентификатор организации NLR
Шифр хранения (Call Number) 541/Щ-93
942 ## - ДОПОЛНИТЕЛЬНЫЕ ЭЛЕМЕНТЫ ЗАПИСИ (АБИС)
Тип экземпляра АБИС Книга
980 ## - КОЛЛЕКЦИЯ
Название коллекции Национальная библиография
Экземпляры
Тип экземпляра Дата поступления Библиотека постоянного хранения Библиотека текущего хранения Место хранения Шифр хранения Штрих-код Статус экземпляра
Книга 29.04.2022 РНБ (Московский) РНБ (Московский) Центральная справочная библиотека 541/Щ-93 1-3673881